<?xml version="1.0" encoding="UTF-8"?>
<collection xmlns="http://www.loc.gov/MARC21/slim">
  <record>
    <leader>00000nam  2200000   4500</leader>
    <controlfield tag="001">INLIS000000000010613</controlfield>
    <controlfield tag="005">20210507033904</controlfield>
    <datafield tag="035" ind1="#" ind2="#">
      <subfield code="a">0010-0521000126</subfield>
    </datafield>
    <controlfield tag="007">ta</controlfield>
    <controlfield tag="008">210507################|##########|#|##</controlfield>
    <datafield tag="082" ind1="#" ind2="#">
      <subfield code="a">35</subfield>
    </datafield>
    <datafield tag="084" ind1="#" ind2="#">
      <subfield code="a">35 RYA p</subfield>
    </datafield>
    <datafield tag="100" ind1=" " ind2="#">
      <subfield code="a">Ryan Pramanda</subfield>
    </datafield>
    <datafield tag="245" ind1="1" ind2="#">
      <subfield code="a">Persiapan Panduan Program Magang Prodi Teknik Industri Mendukung Kurikulum Kampus Merdeka /</subfield>
      <subfield code="c">Universitas Samudra</subfield>
    </datafield>
    <datafield tag="260" ind1="#" ind2="#">
      <subfield code="a">Aceh :</subfield>
      <subfield code="b">Puslatbang KHAN LAN,</subfield>
      <subfield code="c">2020</subfield>
    </datafield>
    <datafield tag="500" ind1="#" ind2="#">
      <subfield code="a">Coach: Dr. Drs. Nurdin Yunus, ST, SH, MM, MH</subfield>
    </datafield>
  </record>
</collection>
